书目信息 |
| 题名: |
现代财政与金融教程
|
|
| 作者: | 杨艳琳 主编 | |
| 分册: | ||
| 出版信息: | 北京 首都经济贸易大学出版社 2003.01 |
|
| 页数: | 423页 | |
| 开本: | 23cm | |
| 丛书名: | 21世纪高等院校经济与管理核心课经典系列教材 | |
| 单 册: | ||
| 中图分类: | F8-43 | |
| 科图分类: | ||
| 主题词: | 财政金融--高等学校--教材 | |
| 电子资源: | ||
| ISBN: | 7-5638-1067-6 | |
| 000 | 00941nam 2200253 450 | |
| 001 | 0100100161 | |
| 005 | 20111227101636.75 | |
| 010 | @a7-5638-1067-6@dCNY34.00 | |
| 100 | @a20030513d2003 em y0chiy0110 ea | |
| 101 | 0 | @achi |
| 102 | @aCN@b110000 | |
| 105 | @aa a 000yy | |
| 200 | 1 | @a现代财政与金融教程@Axian dai cai zheng yu jin rong jiao cheng@f杨艳琳主编@Fyang yan lin zhu bian |
| 210 | @a北京@c首都经济贸易大学出版社@d2003.01 | |
| 215 | @a423页@c图@d23cm | |
| 225 | 2 | @a21世纪高等院校经济与管理核心课经典系列教材 |
| 320 | @a有书目 (第422-423页)。 | |
| 330 | @a本书介绍了现代市场经济条件下财政与金融的基本理论,分析了财政管理与金融管理的新特征,阐述了市场经济发展对财政金融宏观调控的新要求。 | |
| 410 | 0 | @12001 @a21世纪高等院校经济与管理核心课经典系列教材 |
| 606 | 0 | @a财政金融@x高等学校@x教材 |
| 690 | @aF8-43@v4 | |
| 701 | 0 | @a杨艳琳@Ayang yan lin@4主编 |
| 801 | 0 | @aCN@bQSSK@c20111227 |
| 905 | @a10447@dF8-43@eY313@f3 | |
| 现代财政与金融教程/杨艳琳主编.-北京:首都经济贸易大学出版社,2003.01 |
| 423页:图;23cm.-(21世纪高等院校经济与管理核心课经典系列教材) |
| ISBN 7-5638-1067-6:CNY34.00 |
| 本书介绍了现代市场经济条件下财政与金融的基本理论,分析了财政管理与金融管理的新特征,阐述了市场经济发展对财政金融宏观调控的新要求。 |
| ● |
| 相关链接 |
|
|
|
正题名:现代财政与金融教程
索取号:F8-43/Y313
 
预约/预借
| 序号 | 登录号 | 条形码 | 馆藏地/架位号 | 状态 | 备注 |
| 1 | 1181272 | 211812724 | 社科库409/400B社科库 3排3列1层/ [索取号:F8-43/Y313] | 在馆 | |
| 2 | 1181273 | 211812733 | 社科库409/400B社科库 3排3列1层/ [索取号:F8-43/Y313] | 在馆 | |
| 3 | 1181274 | 211812742 | 社科库409/400B社科库 2排4列6层/ [索取号:F8-43/Y313] | 在馆 |